000 00618nam a2200229Ia 4500
003 OSt
005 20230523110111.0
008 210423s2016 xx 000 0 und d
020 _a978-81-7515-764-4
040 _cAL
041 _aeng
082 _a378.16 GREB
100 _aGREEN (Sharon Weiner);WOLF (Ira K);STEWART (Brain W)
_9111082
245 _aBarrons new SAT Ed 28
250 _a28
260 _aNew Delhi
_bGalgotia Publications Pvt Ltd
_c2016
300 _axix,1032
_bPB
365 _b799
_cINR
650 _aHigher Education
_9111083
906 _a28 ; Barrons ; Ed ; new ; SAT
942 _2ddc
_cBK
999 _c167903
_d167903